000 00611nam a2200205 a 4500
005 20180803164813.0
008 140220b1985 ck ||||| |||| 00| 0 spa d
040 _aCO-BoIAVH
_cCO-BoIAVH
041 _aspa
044 _ack
082 0 4 _a634.92
_bG64m
100 1 _aGonzález Fletcher, Alvaro
245 1 _aMapa de bosques de Colombia :
_bmemoria explicativa.
260 _aBogotá :
_bIGAC,
_c1985.
300 _a39 paginas :
_bilustraciones ;
_c23 x 16 cm
650 1 6 _aBosques insulares
650 2 6 _aPlantaciones forestales
700 1 _aMalagon Castro, Dimas
942 _cLIBRO
_2ddc
999 _c448
_d448